000 00321nam a22001457a 4500
008 221011b ||||| |||| 00| 0 eng d
020 _a1555424783
041 _aeng
080 _a159.9
082 _a159.9 CAP
100 _a24.1
101 _aPSI
245 _aMENTAL HEALTH CONSULTATION
_cCAPLAN G
942 _2udc
_cBK
999 _c58471
_d58471